000 00709nam a22002057a 4500
003 0
005 20240920113529.0
008 240920b xxu||||| |||| 00| 0 eng d
020 _a978-981-5160-66-6
050 _aRC 455.2
_b.C67 2024
100 _aCorey, Gerald
245 _aIssues and ethics in the helping professionals
_cGerald Corey, Marianne Corey, and Cindy Corey
250 _aEleventh edition
260 _aSingapore
_bCengage Learning Asia Pte Ltd.
_c2024
300 _axxi, 585 pages ;
_c26cm.
504 _aIncludes bibliographical references, glossary, and index.
650 _aPsychotherapists--professional ethics.
650 _aCounselors--professional ethics.
942 _2lcc
_cBK
999 _c366272
_d366272